|
|
|
|
| LEADER |
00000cam a2200000 a 4500 |
| 001 |
vtls001514921 |
| 003 |
SK-MaSNL |
| 005 |
20260301015416.0 |
| 008 |
240226s1577 gw a lat |
| 015 |
|
|
|a SNBHFA1577
|
| 035 |
|
|
|a 4AA23373-A8D3-43F5-8F16-A121D664006B
|
| 035 |
|
|
|a urn:nbn:sk:snk-amyc2u
|
| 035 |
|
|
|a urn:nbn:sk:snk-am00cad5
|
| 040 |
|
|
|a SNKHF
|b slo
|c SNK
|e AACR2
|
| 041 |
|
|
|a lat
|
| 044 |
|
|
|a gw
|c DE
|
| 100 |
1 |
|
|a Cagnolo, Girolamo,
|d 1491-1551
|4 aut
|9 126962
|
| 245 |
1 |
|
|a Clarissimi Ivrisconsvlti D. Hieronymi Cagnoli, Eqvitis Et Svbalpini Dvcis, Senatoris, De Recta Principis Institvtione, Liber
|b Ad Emanuelem Philibertum Sabaudiae Principem
|
| 246 |
1 |
3 |
|a De recta principis institvtione liber
|
| 260 |
|
|
|a Coloniae
|b Apud Ludouicum Alectorium, ﮟ haeredes Iacobi Soteris
|c Anno M. D. LXXVII. [1577]
|
| 300 |
|
|
|a 186, [5] s.
|c 16 cm
|
| 501 |
|
|
|a Príväzok 1. k: JUNIUS, Melchior st.: Orationvm... Pars VII. [Argentinae] : [Impensis Lazari Zetzneri], [CI).I).IIC. [1598]].
|5 SNK ID 99573
|
| 508 |
|
|
|a Ded.: Emanuel Philibert - savojský knieža
|
| 510 |
4 |
|
|a VD 16 C/180
|
| 561 |
|
|
|a Z knižnice Antona Augustína Baníka.
|5 SNK ID 99573/prív.1
|
| 700 |
0 |
|
|a Emanuel Philibert
|c savojský knieža
|4 hnr
|9 305213
|
| 710 |
1 |
|
|a Alectorius, Ludwig - Soter, Jakob - dedičia (Kolín nad Rýnom, Nemecko),
|d 1576-1582
|4 prt
|9 167864
|
| 752 |
|
|
|a Nemecko
|d Kolín nad Rýnom
|
| 852 |
|
|
|a snk
|b Baníkova knižnica
|p ID 99573/prív.1
|
| 958 |
|
|
|a ONDV
|
| 999 |
|
|
|c 560749
|d 562679
|
| 952 |
|
|
|t Bk 194
|a SNK
|b SNK
|c SNK_HF
|y PREZ
|7 0
|p 17A1129989
|o snkID 99573/prív.1
|i snkF 192/2005
|8 5
|0 0
|1 0
|4 0
|d 2005-04-05
|f 1
|l 0
|r 2005-04-05 00:00:00
|w 2026-02-23
|